00711nam a22002417a 450000500170000001000130001702000100003003500130004003700160005304000120006908200130008110000270009424500480012124600060016926000340017527000150020930000240022465000300024865000300027894200220030899900190033095201200034920170124110158.0 aA-553518 c00.00 aA-553518 bCen Lib/Ret aDPLbEN a080bBOS aBose, Subhas C.935563 aThrough congress eyes /cby Subhas C. Bose  b  bKitabistan aAllahabad cn.d. bAllahabad  avi, 243p.c17cm(Hb) aPolitical science 974062 aNational Congress 935565 2ddccENh080mBOS c132725d132725 00104070aLbLd2015-07-23eCen Lib/Retg0.00l0o080 BOSpA-553518r2015-07-23 00:00:00t1v0.00w2015-07-23yEN